Territorios, fiestas y paisajes peregrinos : cartografías sociales de lo sagrado en el siglo xxi /

Guardado en:
Otros Autores: Carballo, Cristina, comp., Flores, Fabián, comp.
Formato: Libro
Publicado: Quilmes : Universidad Nacional de Quilmes, 2016
Materias:
Etiquetas: Agregar Etiqueta
Sin Etiquetas, Sea el primero en etiquetar este registro!
LEADER 00783nam a22002175a 4500
001 EHU.bham044232
003 AR-BHAM
005 20160915112120.0
008 130507s2016##################000#0#####d
020 |a 9789874202994 
082 9 1 |a 910 
245 0 0 |a Territorios, fiestas y paisajes peregrinos :  |b cartografías sociales de lo sagrado en el siglo xxi /  |c  Comp. Por Cristina Carballo, Fabián Flores 
260 |a Quilmes :  |b Universidad Nacional de Quilmes,  |c 2016 
300 |a 307 p. 
653 |a Geografía cultural argentina 
653 |a Ritualidad 
653 |a Argentina-prácticas religiosas 
653 |a Política pública argentina 
700 1 |a Carballo, Cristina, comp. 
700 1 |a Flores, Fabián, comp. 
859 |a AR-BHAM  |b BIB. HUMANIDADES - General  |h 910  |i T278  |p 582.16  |t Ej.1